| 000 | 00413nam a22001697a 4500 | ||
|---|---|---|---|
| 020 | _a978-0-07-062017-9 | ||
| 082 | _a338.04 | ||
| 100 | _aHisrich, Robert D. | ||
| 245 | _aEntrepreneurship | ||
| 250 | _a6th | ||
| 260 |
_aNew Delhi: _bTata McGraw-Hill, _c2012 |
||
| 300 | _axx, 591p.: ill.; 24 cm | ||
| 500 | _aTABLE OF CONTENT: | ||
| 700 | _aPeters, Michael P | ||
| 700 | _aShepherd, Dean A | ||
| 942 | _cBK | ||
| 999 |
_c22097 _d22097 |
||